Telegram 2 - werenoi - Statistiques

Statistiques générales
  • Ce quiz a été pris 60 fois
  • Le résultat moyen est 6 sur 8
Statistiques - réponses
Réponse % Correct
tu connais
88%
mauvaise
86%
magot (ft. SCH)
84%
bang
76%
3x filtré
74%
rolls royce
74%
CR
70%
les codes
68%
Aucun quiz correspondant
Distribution des résultats
% des personnes avec chaque résultat
Percentile par nombre de réponses
Votre historique - résultats
Vous n’avez pas pris ce quiz